[Event "Parnu-C"]
[Site "Parnu"]
[Date "1996.02.08"]
[Round "6"]
[White "Litynska, Marta"]
[Black "Dubinka, Inna"]
[Result "1/2-1/2"]
[WhiteElo "2355"]
[BlackElo "2235"]
[PlyCount "93"]
[EventDate "1996.02.??"]
[EventType "tourn"]
[EventRounds "9"]
[EventCountry "EST"]
[EventCategory "2"]
[SourceTitle "CBM 050 Extra"]
[Source "ChessBase"]
[SourceDate "1996.03.01"]
[SourceVersion "1"]
[SourceVersionDate "1996.03.01"]
[SourceQuality "1"]

1. c4 Nf6 2. d4 g6 3. Nf3 Bg7 4. g3 d5 5. cxd5 Nxd5 6. Bg2 0-0 7. 0-0 Nc6 8. Nc3 Nb6 9. d5 Na5 10. Qc2 c6 11. dxc6 Nxc6 12. Rd1 Qc7 13. Nb5 Qb8 14. Bf4 e5 15. Be3 Bf5 16. Qc1 Rd8 17. Bc5 Rxd1+ 18. Qxd1 Qd8 19. Nd6 Qd7 20. e4 Bg4 21. h3 Be6 22. Qf1 Rd8 23. Ng5 Nd4 24. Nxe6 Nxe6 25. Bxb6 axb6 26. Nc4 Qd4 27. b3 Bh6 28. Rb1 b5 29. Nb2 b4 30. Qb5 Qd2 31. Rd1 Qxb2 32. Rxd8+ Nxd8 33. Qe8+ Kg7 34. Qxd8 Qxa2 35. Qd5 Qa1+ 36. Bf1 Qd4 37. Qxb7 Bd2 38. Bc4 Qa1+ 39. Kg2 Qb1 40. Qxf7+ Kh6 41. Qf8+ Kh5 42. g4+ Kh4 43. Qf6+ Bg5 44. Qf3 Bf4 45. Bd5 Qc2 46. g5 Qc8 47. Bb7 1/2-1/2

[Event "Parnu-C"]
[Site "Parnu"]
[Date "1996.02.02"]
[Round "1"]
[White "Tsiganova, Monika"]
[Black "Dubinka, Inna"]
[Result "1/2-1/2"]
[WhiteElo "2280"]
[BlackElo "2235"]
[PlyCount "48"]
[EventDate "1996.02.??"]
[EventType "tourn"]
[EventRounds "9"]
[EventCountry "EST"]
[EventCategory "2"]
[SourceTitle "CBM 050 Extra"]
[Source "ChessBase"]
[SourceDate "1996.03.01"]
[SourceVersion "1"]
[SourceVersionDate "1996.03.01"]
[SourceQuality "1"]

1. d4 e6 2. Nf3 f5 3. g3 Nf6 4. Bg2 d5 5. c4 c6 6. 0-0 Bd6 7. b3 Qe7 8. Ne5 0-0 9. Bb2 b6 10. Nd2 Bb7 11. cxd5 cxd5 12. Ndf3 Nc6 13. Qc1 Rac8 14. Qg5 Nb4 15. Rfc1 Nc2 16. Rab1 Ne4 17. Qxe7 Bxe7 18. Nd3 Nc3 19. Bxc3 Rxc3 20. Nf4 Rfc8 21. Rd1 Na3 22. Ra1 Nc2 23. Rab1 Na3 24. Ra1 Nc2 1/2-1/2

[Event "Warsaw op (Women)"]
[Site "Warsaw"]
[Date "1996.??.??"]
[Round "1"]
[White "Dubinka, Inna"]
[Black "Chernikova, Svetlana"]
[Result "0-1"]
[WhiteElo "2235"]
[BlackElo "2090"]
[PlyCount "92"]
[EventDate "1996.??.??"]
[EventType "swiss"]
[EventRounds "8"]
[EventCountry "POL"]
[SourceTitle "EXT 1998"]
[Source "ChessBase"]
[SourceDate "1997.11.17"]
[SourceVersion "1"]
[SourceVersionDate "1997.11.17"]
[SourceQuality "1"]

1. d4 g6 2. c4 Bg7 3. Nc3 c5 4. d5 f5 5. g3 d6 6. Bg2 Nf6 7. Nh3 Na6 8. Nf4 Nc7 9. h4 Ng4 10. 0-0 0-0 11. e4 Rb8 12. Qe2 Ne5 13. a4 Bd7 14. exf5 Bxf5 15. Ne4 Bg4 16. f3 Bd7 17. Ng5 h6 18. Nge6 Nxe6 19. Nxe6 Bxe6 20. dxe6 Nc6 21. Be3 Qb6 22. Rab1 Qb3 23. Kh2 Qxa4 24. b3 Qa5 25. Bd2 Qa2 26. Qd3 Nd4 27. f4 b5 28. Rfd1 bxc4 29. bxc4 Qc2 30. Qxc2 Nxc2 31. Rbc1 Nd4 32. Be4 Rb2 33. Kh3 Nf5 34. Rc2 Rfb8 35. Rxb2 Rxb2 36. h5 Rb3 37. Be1 Nd4 38. Bxg6 Nxe6 39. Be4 Nd4 40. Bg6 Ne6 41. Be4 Nd4 42. Bd5+ Kf8 43. Ra1 Ne2 44. Rxa7 Nxf4+ 45. Kg4 Nxd5 46. cxd5 Rd3 0-1

[Event "St Petersburg Rudenko Memorial (Women)"]
[Site "St Petersburg"]
[Date "1996.??.??"]
[Round "6"]
[White "Dubinka, Inna"]
[Black "Gansvind, Valeriya I"]
[Result "1/2-1/2"]
[WhiteElo "2235"]
[BlackElo "2155"]
[PlyCount "44"]
[EventDate "1996.??.??"]
[EventType "swiss"]
[EventRounds "9"]
[EventCountry "RUS"]
[SourceTitle "EXT 2000"]
[Source "ChessBase"]
[SourceDate "1999.11.16"]
[SourceVersion "1"]
[SourceVersionDate "1999.11.16"]
[SourceQuality "1"]

1. d4 Nf6 2. Nf3 e6 3. c4 Bb4+ 4. Bd2 Qe7 5. g3 b6 6. Bg2 Bb7 7. 0-0 Bxd2 8. Qxd2 d6 9. Nc3 Ne4 10. Nxe4 Bxe4 11. d5 e5 12. Nh4 Bxg2 13. Kxg2 Nd7 14. b4 0-0 15. Nf5 Qf6 16. e4 g6 17. Nh6+ Kh8 18. h4 Qg7 19. h5 Nf6 20. f3 a5 21. b5 Ng8 22. Nxg8 Kxg8 1/2-1/2

[Event "St Petersburg Rudenko Memorial (Women)"]
[Site "St Petersburg"]
[Date "1996.??.??"]
[Round "8"]
[White "Dubinka, Inna"]
[Black "Grinfeld, Alla B"]
[Result "1-0"]
[WhiteElo "2235"]
[BlackElo "2265"]
[PlyCount "97"]
[EventDate "1996.??.??"]
[EventType "swiss"]
[EventRounds "9"]
[EventCountry "RUS"]
[SourceTitle "EXT 2000"]
[Source "ChessBase"]
[SourceDate "1999.11.16"]
[SourceVersion "1"]
[SourceVersionDate "1999.11.16"]
[SourceQuality "1"]

1. d4 d5 2. c4 dxc4 3. Nf3 Nf6 4. e3 e6 5. Bxc4 a6 6. 0-0 c5 7. Qe2 b5 8. Bb3 Bb7 9. a4 b4 10. Rd1 Qc7 11. Nbd2 Nbd7 12. a5 Be7 13. Nc4 0-0 14. Nfe5 Rfd8 15. Bd2 Rac8 16. Rac1 Qb8 17. Ba4 Nxe5 18. dxe5 Ne8 19. e4 Bc6 20. Bxc6 Rxc6 21. Be3 Qb7 22. Rxd8 Bxd8 23. Rd1 Be7 24. Qd3 Rc7 25. f3 Qb5 26. b3 h6 27. Nd6 Qxd3 28. Rxd3 Kf8 29. Nc4 h5 30. Nb6 f6 31. f4 fxe5 32. fxe5 Kf7 33. Kf2 Bh4+ 34. Ke2 Be7 35. Rd1 g6 36. Kd3 c4+ 37. bxc4 Bc5 38. Rb1 Bxe3 39. Kxe3 Rc5 40. Ra1 b3 41. Nd7 b2 42. Rb1 Rxc4 43. Rxb2 Ra4 44. Rb7 Kg8 45. Kf4 Rxa5 46. Kg5 Ra2 47. g3 Rxh2 48. Kxg6 Rg2 49. Nf6+ 1-0

[Event "St Petersburg Rudenko Memorial (Women)"]
[Site "St Petersburg"]
[Date "1996.??.??"]
[Round "9"]
[White "Dubinka, Inna"]
[Black "Kovalevskaya, Ekaterina"]
[Result "1/2-1/2"]
[WhiteElo "2235"]
[BlackElo "2335"]
[PlyCount "22"]
[EventDate "1996.??.??"]
[EventType "swiss"]
[EventRounds "9"]
[EventCountry "RUS"]
[SourceTitle "EXT 2000"]
[Source "ChessBase"]
[SourceDate "1999.11.16"]
[SourceVersion "1"]
[SourceVersionDate "1999.11.16"]
[SourceQuality "1"]

1. d4 Nf6 2. c4 d6 3. Nc3 e5 4. dxe5 dxe5 5. Qxd8+ Kxd8 6. Bg5 Be7 7. 0-0-0+ Nfd7 8. Bxe7+ Kxe7 9. Nf3 c6 10. e3 f6 11. Be2 a5 1/2-1/2

[Event "Frydek Mistek (Women)"]
[Site "Frydek Mistek"]
[Date "1996.??.??"]
[Round "2"]
[White "Dubinka, Inna"]
[Black "Socko, Monika"]
[Result "0-1"]
[WhiteElo "2235"]
[BlackElo "2305"]
[PlyCount "76"]
[EventDate "1996.??.??"]
[EventType "tourn"]
[EventRounds "9"]
[EventCountry "CZE"]
[SourceTitle "EXT 1998"]
[Source "ChessBase"]
[SourceDate "1997.11.17"]
[SourceVersion "1"]
[SourceVersionDate "1997.11.17"]
[SourceQuality "1"]

1. d4 Nf6 2. c4 g6 3. Nc3 Bg7 4. e4 d6 5. f3 0-0 6. Be3 e5 7. d5 Nh5 8. Qd2 f5 9. exf5 gxf5 10. Bd3 Na6 11. 0-0-0 Nc5 12. Bc2 a6 13. Nge2 b5 14. g4 fxg4 15. fxg4 Nf6 16. h3 Qe8 17. Ng3 bxc4 18. Nge4 Nd3+ 19. Bxd3 cxd3 20. Qxd3 Nxe4 21. Qxe4 Rb8 22. Rh2 a5 23. Rc2 Rb4 24. Qg2 Bd7 25. a3 Rb7 26. Qd2 Rf3 27. Bh6 Qg6 28. Bxg7 Kxg7 29. Qe2 Qh6+ 30. Kb1 Qxh3 31. Qa6 Bc8 32. Qxa5 Qxg4 33. Rcc1 Rf2 34. Nb5 Qe2 35. Qc3 Bf5+ 36. Ka1 Rf3 37. Rg1+ Kf6 38. Rce1 Qxb5 0-1

[Event "Frydek Mistek (Women)"]
[Site "Frydek Mistek"]
[Date "1996.??.??"]
[Round "5"]
[White "Dubinka, Inna"]
[Black "Svobodova, Michaela"]
[Result "1/2-1/2"]
[WhiteElo "2235"]
[BlackElo "2150"]
[PlyCount "65"]
[EventDate "1996.??.??"]
[EventType "tourn"]
[EventRounds "9"]
[EventCountry "CZE"]
[SourceTitle "EXT 1998"]
[Source "ChessBase"]
[SourceDate "1997.11.17"]
[SourceVersion "1"]
[SourceVersionDate "1997.11.17"]
[SourceQuality "1"]

1. d4 d5 2. c4 c6 3. Nc3 Nf6 4. e3 a6 5. Qc2 g6 6. Bd3 Bg7 7. Nge2 dxc4 8. Bxc4 Nbd7 9. 0-0 e5 10. Rd1 Qe7 11. a4 0-0 12. a5 exd4 13. exd4 Re8 14. h3 Nf8 15. Be3 Be6 16. d5 Nxd5 17. Nxd5 cxd5 18. Bxd5 Bxd5 19. Rxd5 Ne6 20. Rad1 Rac8 21. Qb3 Red8 22. Nc3 Bxc3 23. bxc3 Rxd5 24. Rxd5 Qc7 25. Bb6 Qxc3 26. Qxc3 Rxc3 27. Rd7 Nc5 28. Rd8+ Kg7 29. Rc8 Rc1+ 30. Kh2 Nb3 31. Rb8 Rd1 32. Rxb7 Rd5 33. Ra7 1/2-1/2